000 00850nam a2200289Ia 4500
003 OSt
005 20221006152400.0
006 a|||||r|||| 00| 0
007 ta
008 221006b |||||||| |||| 00| 0 eng d
020 _a9780822328407
_c£18.50
024 _a26,952
037 _cTextual
040 _aEASL
_cEASL
_beng
041 _2eng
_aeng
082 _aTA,48, P2
100 _aMIYOSHI Masao Ed.
_9494324
245 0 _aLearning places
_b The afterlives area studies
260 _aLondon
_bDuke University Press
_c2002
300 _a408p.
_ccm.
490 _v Gen
650 _a Gen
650 _aAndo shoeki - the forgotten thinker in - Japanese - history
_9660885
700 _a HAROOTUNIAN H D Ed.
_9643502
942 _hTA,48, P2
_cTEXL
_2CC
999 _c1095038
_d1095038